Statystyki dla Miasta województwa lubuskiego A-Z

Kliknij tutaj aby rozwiązać quiz!

Ogólne statystyki

  • Ten quiz został rozwiązany 42 razy
  • Średni wynik to 13 z 19

Statystyki odpowiedzi

HintOdpowiedź% Poprawnych
GGorzów Wielkopolski | Gozdnica | Gubin
97%
ZZbąszynek | Zielona Góra
94%
KKargowa | Kostrzyn nad Odrą | Kożuchów | +1
91%
SSkwierzyna | Sława | Słubice | +5
91%
ŻŻagań | Żary
91%
ŚŚwiebodzin
76%
BBabimost | Bytom Odrzański | Brody
71%
DDobiegniew | Drezdenko
71%
MMałomice | Międzyrzecz
71%
NNowa Sól | Nowe Miasteczko | Nowogród Bobrzański
68%
LLubniewice | Lubsko
59%
WWitnica | Wschowa
59%
OOśno Lubuskie | Otyń
53%
IIłowa
50%
RRzepin
50%
CCybinka | Czerwieńsk
47%
TTorzym | Trzciel
47%
ŁŁęknica
41%
JJasień
38%

Rozkład punktacji

Percentyl według liczby udzielonych odpowiedzi

Procent ludzi z każdym wynikiem

Twoja historia wyników

Nie rozwiązałeś tego quizu